MARC details
| 000 -LEADER |
| fixed length control field |
01352nam a2200253 a 4500 |
| 008 - FIXED-LENGTH DATA ELEMENTS--GENERAL INFORMATION |
| fixed length control field |
211123s2014 ||||||||||||||||| || u |
| 020 ## - INTERNATIONAL STANDARD BOOK NUMBER |
| International Standard Book Number |
9781409462538 |
| 050 ## - LIBRARY OF CONGRESS CALL NUMBER |
| Classification number |
K 32 Dir |
| 100 ## - MAIN ENTRY--PERSONAL NAME |
| Personal name |
Walker, Clive |
| 245 10 - TITLE STATEMENT |
| Title |
Dirty assets : emerging issues in the regulation of criminal and terrorist assets |
| Statement of responsibility, etc. |
Edited by Colin King and Clive Walker |
| 260 ## - PUBLICATION, DISTRIBUTION, ETC. |
| Place of publication, distribution, etc. |
Burlington |
| Name of publisher, distributor, etc. |
Ashgate Publishing Limited |
| Date of publication, distribution, etc. |
2014 |
| 300 ## - PHYSICAL DESCRIPTION |
| Extent |
xvi, 355 pages : illustrations |
| 490 ## - |
| -- |
Law, justice, and power |
| 650 ## - SUBJECT ADDED ENTRY--TOPICAL TERM |
| Topical term or geographic name entry element |
MONEY LAUNDERING |
| 650 ## - SUBJECT ADDED ENTRY--TOPICAL TERM |
| Topical term or geographic name entry element |
TERRORISM--FINANCE--LAW AND LEGISLATION--CRIMINAL PROVISION |
| 650 ## - SUBJECT ADDED ENTRY--TOPICAL TERM |
| Topical term or geographic name entry element |
EUROPEAN UNION COUNTRIES |
| 650 ## - SUBJECT ADDED ENTRY--TOPICAL TERM |
| Topical term or geographic name entry element |
ORGANIZED CRIME--FINANCE--LAW AND LEGISLATION--CRIMINAL PROVISIONS |
| 650 ## - SUBJECT ADDED ENTRY--TOPICAL TERM |
| Topical term or geographic name entry element |
CRIMINAL LAW--EUROPEAN UNION COUNTRIES |
| 650 ## - SUBJECT ADDED ENTRY--TOPICAL TERM |
| Topical term or geographic name entry element |
TERRORISM--PREVENTION--LAW AND LEGISLATION |
| 700 ## - ADDED ENTRY--PERSONAL NAME |
| Personal name |
King, Collin |
| 995 ## - |
| -- |
MAIN LIBRARY OPEN ACCESS |
| -- |
751279 |
| -- |
CBU-MAIN LIBRARY (Kitwe) |
| -- |
161.00 |
| -- |
K 32 Dir |
| -- |
1 |
| -- |
AVAILABLE |
| -- |
Nov 23, 2021 |
| -- |
751279 |
| -- |
Main Library Open Access Collection |
| 995 ## - |
| -- |
MAIN LIBRARY OPEN ACCESS |
| -- |
751281 |
| -- |
CBU-MAIN LIBRARY (Kitwe) |
| -- |
161.00 |
| -- |
K 32 Dir |
| -- |
3 |
| -- |
AVAILABLE |
| -- |
Nov 23, 2021 |
| -- |
751281 |
| -- |
Main Library Open Access Collection |
| 995 ## - |
| -- |
MAIN LIBRARY OPEN ACCESS |
| -- |
751280 |
| -- |
CBU-MAIN LIBRARY (Kitwe) |
| -- |
161.00 |
| -- |
K 32 Dir |
| -- |
2 |
| -- |
AVAILABLE |
| -- |
Nov 23, 2021 |
| -- |
751280 |
| -- |
Main Library Open Access Collection |
| 999 ## - |
| -- |
63582 |
| -- |
63582 |